Better Than Revenge - Taylor Swift - Lyric Quiz - Statistics

General Stats
  • This quiz has been taken 35 times
  • The average score is 448 of 488
Answer Stats
Answer % Correct
A
100%
All
100%
An
100%
And
100%
Better
100%
Better/Was
100%
Could
100%
Do
100%
Does/Was
100%
For/Moth
100%
Had
100%
Hear
100%
I
100%
Is
100%
It
100%
Known/A
100%
No
100%
Not
100%
Nothing
100%
On
100%
On/Holding
100%
Revenge
100%
She
100%
She’s
100%
She’s/He
100%
She/She
100%
Than
100%
That/Flame
100%
The
100%
Then
100%
There
100%
The/The
100%
The/To
100%
Things/The
100%
To
100%
What
100%
When
100%
Where
100%
Who
100%
You
100%
Did
96%
For
96%
Go
96%
Her
96%
Him
96%
Hot
96%
In
96%
Right
96%
Say
96%
Should
96%
So
96%
Took
96%
Wanted
96%
Was
96%
Your
96%
Actress
93%
At
93%
Like
93%
Faster
93%
From
93%
I’m
93%
Just
93%
Know
93%
Like
93%
Mattress/Matches
93%
Me
93%
Mind
93%
Sabotage
93%
Saint
93%
Starts
93%
Stealing
93%
Story
93%
Summer
93%
That
93%
Think
93%
Won’t
93%
Applause
89%
But
89%
Came
89%
Find
89%
Friends
89%
It’s
89%
Keep
89%
Lets
89%
Let’s
89%
Little
89%
Make
89%
Many
89%
Never
89%
Other
89%
People
89%
People’s
89%
Playground
89%
Soon
89%
Thing
89%
Toys
89%
About
86%
Along
86%
‘Cause
86%
Get
86%
Gonna
86%
Got
86%
Now
86%
Over
86%
Saw
86%
Underestimated
86%
Whoa
86%
With
86%
Corner
82%
Dealing
82%
Drum
82%
Ever
82%
Eyes
82%
Have
82%
Honey
82%
List
82%
Oh
82%
Stand
82%
Suspected
82%
Beating
79%
Coming
79%
Looks
79%
Looks
79%
Name
79%
Party
79%
Things
79%
Thinks
79%
Time
79%
Trend
79%
Wouldn’t
79%
Another
75%
Don’t
75%
Heard
75%
Isn’t
75%
Life
75%
Or
75%
Psycho
75%
Rhyme
75%
Roll
75%
Troubling
75%
Wanna
75%
Alone
71%
Always
71%
Last
71%
Might
71%
Sophistication
71%
You’re
71%
Down
68%
Feel
68%
Gives
68%
Haven’t
68%
Of
68%
Pain
68%
Present
68%
They
68%
Up
68%
Are
64%
Dignity
64%
Doing
64%
Frown
64%
How
64%
Much
64%
Show
64%
Still
64%
Vintage
64%
Word
64%
Amount
61%
Didn’t
61%
Pushing
61%
School
61%
Teach
61%
Dresses
57%
Prep
57%
Some
57%
Deserve
46%
Haha
46%
Come
39%
Woah
25%
No matching quizzes found
Score Distribution
Percent of People with Each Score
Percentile by Number Answered
Your Score History
You have not taken this quiz